000 00695nam a2200289Ia 4500
005 20260324123043.0
008 008 260324s9999 xx 000 0 eng d
020 _a9780203832547
037 _aEBOOK
040 _aCRL
040 _beng
040 _cCRL
041 _2eng
041 _aeng
084 _qCRL
100 _aStephen May
_9999208
245 0 _aLanguage and Minority Rights
245 0 _bEthnicity, Nationalism and the Politics of Language
260 _bTaylor and Francis
260 _c2012
365 _a
365 _b255
856 _uhttp://www.taylorfrancis.com/books/9780203832547
942 _cEBOOK
999 _c1762033
_d1762033